000 00202nam a2200097Ia 4500
008 240331s9999 xx 000 0 und d
082 _a294.5
_bREN
100 _aRenou,L. ed
245 0 _aHinduism
942 _cL
999 _c938
_d938